000 00644nam a2200241Ia 4500
003 OSt
005 20220918201223.0
006 a|||||r|||| 00| 0
007 ta
008 220917b |||||||| |||| 00| 0 eng d
024 _a92,463
037 _cTextual
040 _aARTS
_cARTS
_beng
041 _2eng
_aeng
082 _aV:(R), K4
100 _aDray William H
_997541
245 0 _aPhilosophy of history
260 _aNew Jersey
_bPrentice Hall
_c1964
490 _aPrentice Hall Foundation of Philosophy series
650 _aHISTORY
942 _hV:(R), K4
_cTEXL
_2CC
999 _c216116
_d216116